000 00293nam a22001337a 4500
008 170714b xxu||||| |||| 00| 0 eng d
020 _a0865390029
041 _aeng
080 _a101
100 _a24
101 _aFIL
245 _aTHE PHILOSOPHY OF AUDITING
_cMAUTZ, R,K
942 _2udc
_cBK
999 _c20813
_d20813